[Event "Port of Spain op 44th"]
[Site "Port of Spain"]
[Date "2017.04.27"]
[Round "2"]
[White "Callender, Noel"]
[Black "Martin, David"]
[Result "1/2-1/2"]
[WhiteElo "1399"]
[BlackElo "1595"]
[PlyCount "62"]
[EventDate "2017.04.20"]
[EventType "swiss"]
[EventRounds "7"]
[EventCountry "TRI"]
[SourceTitle "EXT 2018"]
[Source "ChessBase"]
[SourceDate "2017.10.13"]
[SourceVersion "1"]
[SourceVersionDate "2017.10.13"]
[SourceQuality "1"]

1. d4 d5 2. c4 Nf6 3. Nc3 e6 4. g3 Bb4 5. Qb3 Be7 6. Bf4 a6 7. Nf3 0-0 8. e3 Nbd7 9. c5 Ne4 10. Bd3 f6 11. Nxe4 dxe4 12. Qxe6+ Kh8 13. Bxe4 Nxc5 14. Qd5 Nd3+ 15. Ke2 Qxd5 16. Bxd5 Nxb2 17. Bxc7 b5 18. Bxa8 Bg4 19. Bb7 Na4 20. Rac1 Bb4 21. h3 Nc3+ 22. Rxc3 Bxf3+ 23. Kxf3 Bxc3 24. Bxa6 b4 25. Rc1 g5 26. Ba5 Ra8 27. Bxb4 Bxb4 28. Rc8+ Rxc8 29. Bxc8 Kg7 30. Kg4 Kf7 31. Kf5 Be1 1/2-1/2

[Event "Port of Spain Knights op"]
[Site "Port of Spain"]
[Date "2015.05.21"]
[Round "6"]
[White "Martin, David"]
[Black "Grant, Ian"]
[Result "0-1"]
[WhiteElo "1609"]
[BlackElo "1730"]
[PlyCount "108"]
[EventDate "2015.04.16"]
[EventType "swiss"]
[EventRounds "7"]
[EventCountry "TRI"]
[SourceTitle "EXT 2023"]
[Source "ChessBase"]
[SourceDate "2022.10.05"]
[SourceVersion "1"]
[SourceVersionDate "2022.10.05"]
[SourceQuality "1"]

1. e4 c6 2. Nf3 d5 3. Nc3 dxe4 4. Nxe4 Bf5 5. Ng3 Bg6 6. Bc4 Nd7 7. 0-0 Qc7 8. Re1 Ngf6 9. d4 e6 10. a3 Bd6 11. Bd3 Bxd3 12. Qxd3 0-0-0 13. b4 Bf4 14. c4 h5 15. Bxf4 Qxf4 16. Qe3 Qxe3 17. Rxe3 Ng4 18. Re2 h4 19. Nf1 Rh5 20. h3 Nh6 21. Rc1 Kb8 22. N1d2 g5 23. Rc2 g4 24. Ne5 gxh3 25. Nxd7+ Rxd7 26. Re5 Nf5 27. Nf3 hxg2 28. Nh2 Rxd4 29. Kxg2 Rd3 30. a4 h3+ 31. Kh1 Rd1+ 32. Nf1 Rxf1+ 33. Kh2 Rd1 34. c5 Rd3 35. b5 Rg5 36. f4 Rg2+ 37. Rxg2 hxg2 38. Kxg2 cxb5 39. axb5 Kc7 40. b6+ axb6 41. cxb6+ Kxb6 42. Re2 Nd4 43. Rb2+ Nb5 44. Rc2 Rc3 45. Rd2 Kc7 46. Rb2 Nd4 47. Rd2 Rc2 48. Rxc2+ Nxc2 49. Kf2 Kc6 50. Ke2 Kc5 51. Kd3 Nd4 52. Ke4 f6 53. Kd3 b5 54. Kc3 Ne2+ 0-1

[Event "Mataro op 11th"]
[Site "Mataro"]
[Date "2014.09.27"]
[Round "1"]
[White "Martin, David"]
[Black "Roig Ruiz, Carles"]
[Result "0-1"]
[WhiteElo "1794"]
[BlackElo "1997"]
[PlyCount "140"]
[EventDate "2014.09.27"]
[EventType "swiss"]
[EventRounds "9"]
[EventCountry "ESP"]
[SourceTitle "EXT 2016"]
[Source "ChessBase"]
[SourceDate "2015.10.08"]
[SourceVersion "1"]
[SourceVersionDate "2015.10.08"]
[SourceQuality "1"]

1. e4 g6 2. g3 e5 3. c4 b6 4. d3 Bg7 5. Nc3 d6 6. Bg2 Bb7 7. f4 exf4 8. Bxf4 Ne7 9. Nf3 0-0 10. 0-0 Nd7 11. Qd2 Ne5 12. Nxe5 dxe5 13. Bh6 Qd7 14. Bxg7 Kxg7 15. Rad1 Rad8 16. Rf2 f6 17. h3 h5 18. Kh2 Nc8 19. Bf3 Nd6 20. Qe3 c5 21. g4 hxg4 22. Bxg4 Qf7 23. Nd5 Bxd5 24. cxd5 g5 25. Rdf1 Qg6 26. b3 Rde8 27. Qe2 Re7 28. Bf5 Qh6 29. Qg4 Rh8 30. a4 Qh4 31. Be6 Qxg4 32. Bxg4 Rf7 33. Be6 Rff8 34. Kg3 Rh4 35. Rf3 Rf4 36. Rxf4 exf4+ 37. Kg4 Rh8 38. Kf3 Kg6 39. Rh1 Rh4 40. Rg1 Ne8 41. Bf5+ Kf7 42. Be6+ Ke7 43. Rc1 Kd6 44. b4 Rh7 45. bxc5+ bxc5 46. Rb1 Ke5 47. Rb8 Nd6 48. Rd8 Rb7 49. Bc8 Rb4 50. Bd7 Rb2 51. Ra8 Rd2 52. Bb5 Nxb5 53. axb5 Rxd3+ 54. Kg2 Kxe4 55. Rxa7 Rxd5 56. b6 Rd2+ 57. Kf1 Rb2 58. Ra4+ Kd5 59. Ra6 c4 60. Ke1 Kd4 61. b7 Rxb7 62. Rxf6 Ke3 63. Re6+ Kf3 64. Rc6 Rb1+ 65. Kd2 Rh1 66. Rxc4 Rxh3 67. Kd3 g4 68. Kd4 g3 69. Rc3+ Kg4 70. Ke4 g2 0-1

[Event "Condom op 10th"]
[Site "Condom"]
[Date "2010.07.10"]
[Round "1"]
[White "Makukins, Maksims"]
[Black "Martin, David"]
[Result "0-1"]
[WhiteElo "1499"]
[BlackElo "1757"]
[PlyCount "84"]
[EventDate "2010.07.??"]
[EventType "swiss"]
[EventRounds "9"]
[EventCountry "FRA"]
[SourceTitle "EXT 2011"]
[Source "ChessBase"]
[SourceDate "2010.11.26"]
[SourceVersion "1"]
[SourceVersionDate "2010.11.26"]
[SourceQuality "1"]

1. e4 c6 2. d4 d5 3. e5 Bf5 4. Nf3 e6 5. h3 h6 6. Bd3 Bxd3 7. Qxd3 c5 8. b3 cxd4 9. Nxd4 Nd7 10. Qg3 Ne7 11. Ba3 Qb6 12. c3 Nc5 13. Nd2 Ng6 14. Bxc5 Bxc5 15. N2f3 0-0 16. 0-0 Rac8 17. Rac1 Qa6 18. a4 Ba3 19. Rc2 Qd3 20. Ne1 Qxg3 21. fxg3 Nxe5 22. b4 a5 23. Ra2 axb4 24. Nb5 Nc4 25. Nc2 b3 26. Rxa3 bxc2 27. Ra2 Nd2 28. Rc1 Ne4 29. Rcxc2 Nxg3 30. Nd6 Rb8 31. Rcb2 b6 32. Rb3 Rfd8 33. Nb5 Ne4 34. Rab2 Rdc8 35. g4 Rc4 36. Ra2 Nc5 37. Rb4 Rxb4 38. cxb4 Nd3 39. Nd4 Nxb4 40. Rb2 Nd3 41. Rb3 Nc5 42. Rb5 Nxa4 0-1

[Event "Condom op-A"]
[Site "Condom"]
[Date "2009.07.16"]
[Round "7"]
[White "Pinault, Mailys"]
[Black "Martin, David"]
[Result "1-0"]
[WhiteElo "1741"]
[BlackElo "1780"]
[PlyCount "77"]
[EventDate "2009.07.11"]
[EventType "swiss"]
[EventRounds "9"]
[EventCountry "FRA"]
[SourceTitle "CBM 131 Extra"]
[Source "ChessBase"]
[SourceDate "2009.09.03"]
[SourceVersion "2"]
[SourceVersionDate "2009.09.16"]
[SourceQuality "1"]

1. e4 c6 2. Nc3 d5 3. Nf3 dxe4 4. Nxe4 Bg4 5. Bc4 Nd7 6. d3 Ngf6 7. Nxf6+ Nxf6 8. h3 Bh5 9. Be3 e6 10. g4 Bg6 11. Qe2 Bb4+ 12. Bd2 Qb6 13. 0-0-0 Bc5 14. Rhf1 0-0-0 15. Ne5 Bd4 16. Bb3 Nd7 17. Nc4 Qc7 18. f4 h6 19. c3 Bf6 20. f5 exf5 21. gxf5 Rhe8 22. Qf2 Bh5 23. Rde1 b6 24. d4 b5 25. Rxe8 Rxe8 26. Bf4 Re2 27. Nd6+ Qxd6 28. Bxd6 Rxf2 29. Rxf2 Bh4 30. Rg2 Bg5+ 31. Kb1 Nf6 32. a4 Bf3 33. Rg1 Be4+ 34. Bc2 Bxc2+ 35. Kxc2 bxa4 36. h4 Bxh4 37. Rxg7 Ne4 38. Bf8 Ng5 39. Be7 1-0

[Event "Condom op-A"]
[Site "Condom"]
[Date "2009.07.11"]
[Round "1"]
[White "Gertosio, Franck"]
[Black "Martin, David"]
[Result "1-0"]
[WhiteElo "2038"]
[BlackElo "1780"]
[PlyCount "31"]
[EventDate "2009.07.11"]
[EventType "swiss"]
[EventRounds "9"]
[EventCountry "FRA"]
[SourceTitle "CBM 131 Extra"]
[Source "ChessBase"]
[SourceDate "2009.09.03"]
[SourceVersion "2"]
[SourceVersionDate "2009.09.16"]
[SourceQuality "1"]

1. e4 c6 2. d4 d5 3. e5 Bf5 4. h4 h6 5. g4 Bh7 6. e6 fxe6 7. Bd3 Nf6 8. Bxh7 Rxh7 9. Qd3 Qd6 10. Nh3 Kd8 11. g5 Ne4 12. f3 Qg3+ 13. Kf1 Qxh4 14. fxe4 dxe4 15. Qb3 Qg4 16. Nf2 1-0

[Event "WLS-ch"]
[Site "Cardiff"]
[Date "1996.??.??"]
[Round "5"]
[White "Cummings, David H"]
[Black "Martin, David"]
[Result "1-0"]
[WhiteElo "2350"]
[BlackElo "2155"]
[PlyCount "47"]
[EventDate "1996.??.??"]
[EventType "swiss"]
[EventRounds "6"]
[EventCountry "WLS"]
[SourceTitle "EXT 2000"]
[Source "ChessBase"]
[SourceDate "1999.11.16"]
[SourceVersion "1"]
[SourceVersionDate "1999.11.16"]
[SourceQuality "1"]

1. d4 Nf6 2. c4 e6 3. Nf3 Bb4+ 4. Bd2 Qe7 5. Nc3 b6 6. g3 Bxc3 7. Bxc3 Ne4 8. Qc2 Nxc3 9. Qxc3 0-0 10. Bg2 Bb7 11. 0-0 d6 12. d5 e5 13. e4 Nd7 14. Nd2 f5 15. f4 exf4 16. gxf4 fxe4 17. Nxe4 Qh4 18. Qg3 Qxg3 19. hxg3 b5 20. cxb5 Bxd5 21. Rfc1 Nc5 22. Nf6+ gxf6 23. Bxd5+ Kg7 24. Bxa8 1-0

[Event "Sas van Gent ECI op U20"]
[Site "Sas van Gent"]
[Date "1996.??.??"]
[Round "1"]
[White "Martin, David"]
[Black "Gustafsson, Jan"]
[Result "0-1"]
[WhiteElo "2155"]
[BlackElo "2310"]
[PlyCount "76"]
[EventDate "1996.??.??"]
[EventType "swiss"]
[EventRounds "9"]
[EventCountry "NED"]
[SourceTitle "EXT 1998"]
[Source "ChessBase"]
[SourceDate "1997.11.17"]
[SourceVersion "1"]
[SourceVersionDate "1997.11.17"]
[SourceQuality "1"]

1. d4 Nf6 2. c4 e6 3. Nc3 Bb4 4. e3 b6 5. Bd3 Bb7 6. Nf3 Ne4 7. Qc2 f5 8. a3 Bxc3+ 9. bxc3 0-0 10. Nd2 Qh4 11. Nxe4 Bxe4 12. 0-0 Bxg2 13. Kxg2 Qg4+ 14. Kh1 Qf3+ 15. Kg1 Rf6 16. Rd1 Qh3 17. Be4 fxe4 18. Qxe4 Nc6 19. Bb2 Rg6+ 20. Kh1 Rg4 21. f4 Rf8 22. Rg1 Na5 23. d5 Nxc4 24. Rxg4 Qxg4 25. Rg1 exd5 26. Qxd5+ Qe6 27. Qd4 Rf7 28. Bc1 d5 29. Rg5 c6 30. Kg1 h6 31. Rg2 Rf6 32. Kf2 Rg6 33. Qd3 Rxg2+ 34. Kxg2 Kf7 35. Kg3 Qg6+ 36. Qxg6+ Kxg6 37. Kg4 h5+ 38. Kh4 b5 0-1

[Event "Glorney Cup U20"]
[Site "Scotland"]
[Date "1995.??.??"]
[Round "?"]
[White "Balcerak, Jakob"]
[Black "Martin, David"]
[Result "1/2-1/2"]
[WhiteElo "2250"]
[BlackElo "2155"]
[PlyCount "51"]
[EventDate "1995.??.??"]
[EventType "team-tourn"]
[EventRounds "5"]
[EventCountry "SCO"]
[SourceTitle "EXT 1999"]
[Source "ChessBase"]
[SourceDate "1998.11.16"]
[SourceVersion "1"]
[SourceVersionDate "1998.11.16"]
[SourceQuality "1"]

1. e4 e6 2. d4 d5 3. Nc3 Bb4 4. e5 c5 5. a3 Bxc3+ 6. bxc3 Ne7 7. Qg4 Qc7 8. Qxg7 Rg8 9. Qxh7 cxd4 10. Ne2 Nbc6 11. f4 Bd7 12. Qd3 dxc3 13. Nxc3 a6 14. Ne2 Rc8 15. Bd2 Nf5 16. Rc1 Qb6 17. Qb3 Qa7 18. c4 dxc4 19. Rxc4 Rd8 20. Qc3 Nce7 21. Nd4 Nd5 22. Qd3 b5 23. Nxf5 bxc4 24. Nd6+ Kf8 25. Qh7 Rg7 26. Qh8+ 1/2-1/2

[Event "EU-ch U18"]
[Site "Zagan"]
[Date "1995.??.??"]
[Round "9"]
[White "Boudenne, Jean Baptiste"]
[Black "Martin, David"]
[Result "1-0"]
[WhiteElo "2270"]
[BlackElo "2180"]
[PlyCount "87"]
[EventDate "1995.??.??"]
[EventType "swiss"]
[EventRounds "11"]
[EventCountry "POL"]
[SourceTitle "EXT 1997"]
[Source "ChessBase"]
[SourceDate "1996.11.15"]
[SourceVersion "1"]
[SourceVersionDate "1996.11.15"]
[SourceQuality "1"]

1. e4 e6 2. d4 d5 3. e5 c5 4. c3 Nc6 5. Nf3 f6 6. Bd3 fxe5 7. dxe5 Qc7 8. Qe2 Nh6 9. 0-0 Nf7 10. Re1 Be7 11. a3 Bd7 12. b4 c4 13. Bc2 0-0-0 14. a4 Rdg8 15. Na3 g5 16. Nb5 Qd8 17. Nbd4 Nxd4 18. Nxd4 Qe8 19. Nb5 a6 20. Qe3 axb5 21. axb5 Kc7 22. b6+ Kb8 23. Bd2 Bb5 24. Ra5 Qc6 25. Rea1 Kc8 26. Rxb5 Qxb5 27. Ra8+ Kd7 28. Ba4 Rxa8 29. Bxb5+ Kc8 30. g3 h5 31. Kg2 g4 32. Qd4 Ra2 33. Bxc4 Rxd2 34. Qxd2 dxc4 35. Qd4 Nd8 36. Qxc4+ Kd7 37. Qc7+ Ke8 38. b5 Rf8 39. c4 Rf3 40. c5 Rc3 41. c6 bxc6 42. b7 Nxb7 43. bxc6 Nc5 44. Qb8+ 1-0

[Event "BCF-ch 82nd"]
[Site "Swansea"]
[Date "1995.??.??"]
[Round "?"]
[White "Martin, David"]
[Black "Barnes, Michael"]
[Result "1/2-1/2"]
[WhiteElo "2155"]
[BlackElo "2295"]
[PlyCount "42"]
[EventDate "1995.08.??"]
[EventType "swiss"]
[EventRounds "11"]
[EventCountry "WLS"]
[SourceTitle "EXT 2002"]
[Source "ChessBase"]
[SourceDate "2001.11.25"]
[SourceVersion "1"]
[SourceVersionDate "2001.11.25"]
[SourceQuality "1"]

1. d4 Nf6 2. c4 g6 3. Nc3 Bg7 4. e4 d6 5. Be2 0-0 6. Nf3 e5 7. 0-0 Na6 8. Be3 Ng4 9. Bg5 f6 10. Bc1 c6 11. c5 exd4 12. Nxd4 dxc5 13. Qb3+ Kh8 14. Ne6 Bxe6 15. Qxe6 f5 16. exf5 Nc7 17. Qb3 Nxh2 18. Kxh2 Qh4+ 19. Kg1 Be5 20. g3 Bxg3 21. fxg3 Qxg3+ 1/2-1/2

[Event "Glorney Cup U20"]
[Site "Scotland"]
[Date "1995.??.??"]
[Round "?"]
[White "Martin, David"]
[Black "Kuipers, Eelco"]
[Result "0-1"]
[WhiteElo "2155"]
[BlackElo "2035"]
[PlyCount "122"]
[EventDate "1995.??.??"]
[EventType "team-tourn"]
[EventRounds "5"]
[EventCountry "SCO"]
[SourceTitle "EXT 1999"]
[Source "ChessBase"]
[SourceDate "1998.11.16"]
[SourceVersion "1"]
[SourceVersionDate "1998.11.16"]
[SourceQuality "1"]

1. d4 Nf6 2. c4 c5 3. d5 b5 4. cxb5 a6 5. f3 d6 6. e4 g6 7. Na3 Bg7 8. Ne2 axb5 9. Nxb5 0-0 10. Nec3 Nbd7 11. Be2 Ba6 12. 0-0 Qb6 13. Kh1 Rfb8 14. a4 Ne8 15. Ra3 Nc7 16. Nxc7 Qxc7 17. Nb5 Bxb5 18. Bxb5 Nf6 19. Qe2 Ne8 20. f4 Qd8 21. Raf3 Ra7 22. e5 Nc7 23. f5 Nxb5 24. axb5 dxe5 25. fxg6 fxg6 26. Qc4 Qd6 27. Be3 Rd7 28. Rd1 e6 29. Bxc5 exd5 30. Qb4 Qe6 31. b6 Rf7 32. Ra3 Bf8 33. Ra7 Bxc5 34. Qxc5 Qxb6 35. Qxb6 Rxb6 36. Rxf7 Kxf7 37. Rxd5 Rxb2 38. Kg1 Ke6 39. Ra5 h5 40. Kf1 Kf5 41. Ra4 g5 42. Ra8 Rc2 43. Ra4 h4 44. h3 Rd2 45. Rb4 e4 46. Rb5+ Kf4 47. Rb3 Rd3 48. Rb2 Ke3 49. Re2+ Kd4 50. Kf2 Ke5 51. Rb2 Kf4 52. Kf1 Rd4 53. Ra2 e3 54. Ra5 g4 55. hxg4 Rd1+ 56. Ke2 Rd2+ 57. Kf1 Rf2+ 58. Kg1 Kg3 59. Re5 Rxg2+ 60. Kf1 e2+ 61. Ke1 h3 0-1

[Event "Olympiad-31"]
[Site "Moscow"]
[Date "1994.12.15"]
[Round "13.4"]
[White "Taha Yasen, Mohammed"]
[Black "Martin, David"]
[Result "1-0"]
[WhiteElo "2390"]
[BlackElo "2045"]
[PlyCount "65"]
[EventDate "1994.12.01"]
[EventType "team-swiss"]
[EventRounds "14"]
[EventCountry "RUS"]
[SourceTitle "CBM 045"]
[Source "ChessBase"]
[SourceDate "1995.04.01"]
[SourceVersion "1"]
[SourceVersionDate "1995.04.01"]
[SourceQuality "1"]
[WhiteTeam "Iraq"]
[BlackTeam "Wales"]
[WhiteTeamCountry "IRQ"]
[BlackTeamCountry "WLS"]

1. d4 Nf6 2. c4 g6 3. Nc3 Bg7 4. e4 d6 5. Bd3 0-0 6. Nge2 e5 7. d5 a5 8. f3 c6 9. Be3 b5 10. cxb5 cxd5 11. exd5 Nbd7 12. Bc2 Nb6 13. Bb3 Bb7 14. a4 Re8 15. Ng3 Rc8 16. 0-0 Nc4 17. Bxc4 Rxc4 18. Qd3 Rb4 19. Rab1 Nd7 20. b3 f5 21. Nge2 Nc5 22. Qc2 e4 23. fxe4 Nxe4 24. Na2 Nc5 25. Nxb4 axb4 26. Bxc5 dxc5 27. Rbd1 Re4 28. Rf4 Rxf4 29. Nxf4 Bd4+ 30. Kh1 Qd6 31. Ne6 Bc3 32. Qd3 Be5 33. Qc4 1-0

[Event "Wch U18"]
[Site "Szeged"]
[Date "1994.??.??"]
[Round "1"]
[White "Fridman, Daniel"]
[Black "Martin, David"]
[Result "1-0"]
[WhiteElo "2440"]
[BlackElo "2045"]
[PlyCount "75"]
[EventDate "1994.??.??"]
[EventType "swiss"]
[EventRounds "9"]
[EventCountry "HUN"]
[SourceTitle "TD"]
[Source "ChessBase"]
[SourceDate "1994.03.01"]
[SourceVersion "1"]
[SourceVersionDate "1994.03.01"]
[SourceQuality "1"]

1. Nf3 Nf6 2. c4 g6 3. g3 Bg7 4. Bg2 0-0 5. d4 d6 6. 0-0 Nbd7 7. Nc3 c6 8. Qc2 e5 9. Rd1 Qe7 10. b3 e4 11. Ng5 d5 12. cxd5 cxd5 13. Nb5 Ne8 14. Nh3 f5 15. Ba3 Qf6 16. Bxf8 Bxf8 17. Nxa7 Nb6 18. Nxc8 Rxc8 19. Qb2 g5 20. f4 exf3 21. exf3 Ng7 22. a4 Bb4 23. Rac1 Re8 24. a5 Nc8 25. f4 g4 26. Bxd5+ Kh8 27. Nf2 Nd6 28. Nd3 Bxa5 29. Ne5 Bb6 30. Kh1 Rd8 31. Qc3 h5 32. Qb4 Ba7 33. Rc7 Ne6 34. Bxe6 Qxe6 35. d5 Qf6 36. Nd7 Qh6 37. Qc3+ Qg7 38. Ne5 1-0